Note-taking and the International Islamic University Malaysia law student's achievement /
Saved in:
| Main Author: | |
|---|---|
| Format: | Thesis |
| Language: | English |
| Published: |
Gombak :
International Islamic University Malaysia,
2000.
|
| Subjects: | |
| Online Access: | http://studentrepo.iium.edu.my/handle/123456789/3976 |
| Tags: |
Add Tag
No Tags, Be the first to tag this record!
|
| LEADER | 020440000a22004330004500 | ||
|---|---|---|---|
| 001 | 206588 | ||
| 005 | 20230721062614.0 | ||
| 008 | 010222s2000 my a g 000 0 eng d | ||
| 035 | |a (Sirsi) 206588 | ||
| 040 | |a UIAM |b eng | ||
| 041 | 0 | |a eng | |
| 043 | |a a-my--- | ||
| 050 | |a LB2395.25 | ||
| 100 | 0 | |a Mohamed Ishak Abdul Hamid |9 59915 | |
| 245 | 1 | 0 | |a Note-taking and the International Islamic University Malaysia law student's achievement / |c by Mohamed Ishak Abdul Hamid. |
| 260 | |a Gombak : |b International Islamic University Malaysia, |c 2000. | ||
| 300 | |a x, 90 leaves ; |c 30 cm. | ||
| 336 | |2 rdacontent | ||
| 337 | |2 rdamedia | ||
| 338 | |2 rdacarrier | ||
| 500 | |a Abstracts in English and Arabic. | ||
| 500 | |a "A thesis submitted in partial fulfillment of the requirement for the degree of Master of Education"--On t.p. | ||
| 502 | |a Thesis (M. Ed.)--International Islamic University Malaysia, 2000. | ||
| 504 | |a Includes bibliographical references. | ||
| 610 | 2 | 0 | |a International Islamic University Malaysia |x Students |9 16561 |
| 650 | 0 | |a Note-taking |9 59924 | |
| 650 | 0 | |a Study skills |9 12875 | |
| 650 | 0 | |a Universities and colleges |z Malaysia |9 4455 | |
| 650 | 0 | |a Education, Higher |z Malaysia |9 4455 | |
| 655 | 0 | 7 | |a Theses, IIUM local |
| 690 | 0 | |a Dissertations, Academic |x Department of Education |z IIUM |9 59925 | |
| 710 | 2 | |a International Islamic University Malaysia. |b Kulliyyah of Education | |
| 856 | 4 | |u http://studentrepo.iium.edu.my/handle/123456789/3976 | |
| 900 | |a hj-rose-rmb | ||
| 942 | |2 lcc |n 0 | ||
| 999 | |c 431541 |d 463032 | ||
| 952 | |0 0 |6 LU T LB 2395.25 M697N 2000 |7 0 |8 THESES |9 751415 |a IIUM |b IIUM |c CLOSEACCES |g 0.00 |o lu t LB 2395.25 M697N 2000 |p 00000637433 |r 2017-10-25 |t 1 |v 0.00 |y THESIS | ||
| 952 | |0 0 |6 T LB 002395.25 M697N 2000 |7 0 |8 THESES |9 751416 |a IIUM |b IIUM |c MULTIMEDIA |g 0.00 |o t LB 2395.25 M697N 2000 |p 00011284557 |r 2017-10-19 |t 1 |v 0.00 |y THESIS | ||
| 952 | |0 0 |6 TS CDF LB2395.25M697N 2000 |7 0 |8 THESES |9 805355 |a IIUM |b IIUM |c MULTIMEDIA |g 0.00 |o ts cdf LB2395.25M697N 2000 |p 11100326224 |r 2017-10-27 |t 1 |v 0.00 |y THESISDIG | ||
